00855nam a22002417a 4500003000900000005001700009008003000026020001500056040002500071082002600096100003100122245006500153260003600218300003000254500003500284650003600319650003600355700001800391910004100409942001200450952013400462999001700596DO-SdBPM20250225082132.01607181996 xxu a spa d a059069331X aDO-SdBPMbspacBPMSU 4a819.3bB772s 19962221 aBourgeois, Pauletted1951-10aFranklin´s school play /cPaulette Bourgeois, Brenda Clark  aNew York : bScholastic,c1996. a[30] p. :bil. ;c23 cm.  aLibros infantiles en inglés  4aCuentos infantiles canadienses  4aLibros ilustrados para niños 1 aClark, Brenda aVMateo V. Control de calidad. BPMSU  2ddccBK 00102ddc40708CI-GaBPMETbBPMETd2016-12-14e FUNDIl0oBPMSU CGI 819.3 B772s 1996pBPMSU16120317r2016-12-14w2016-12-14yBK c12436d12436